| 000 | 00991nam a2200301 i 4500 | ||
|---|---|---|---|
| 003 | EG-GICUC | ||
| 005 | 20260404072538.0 | ||
| 008 | 260404s1969 le ||||fr|||| 00| 0 fre d | ||
| 040 |
_aEG-GiCUC _cEG-GiCUC _dEG-GiCUC _eRda _bfre |
||
| 082 | 0 | 4 |
_221 _a341.33 _bFA . D |
| 092 | 0 | 4 | _221 |
| 099 | _aLaw1 11 341.33 FA . D 1969 | ||
| 100 | 1 |
_aFayez a. Sayegh _eAuteur |
|
| 245 | 1 | 3 |
_aLa Diplomatie Sioniste / _b _cFayez a. Sayegh ; Claude Trice. |
| 264 | 1 |
_aBeyrouth : _bL'organisation De Liberation Palestinienne Centre De Recherches, _c1969. |
|
| 300 |
_a171page : _billustration ; _c 24 cm. |
||
| 336 |
_2rda contenu _a texte |
||
| 337 |
_2rda medias _aOrdinateur |
||
| 338 |
_2 transporteur rda _a Ressource en ligne |
||
| 504 | _a | ||
| 546 | _aTexte en français | ||
| 650 | 1 | 4 | _2Droit international public |
| 651 | 1 | _2 | |
| 700 | 1 |
_aTrice, Claude _eTraducteur |
|
| 856 | 4 | 0 | _uhttps://fll.law.cu.edu.eg/fulltext/bks/B11-06914.pdf |
| 905 | _a50 | ||
| 942 |
_2ddc _cBK _e21 _n0 |
||
| 999 |
_c68554 _d68554 |
||